000 00481ntaaa2200181 4500
003 01
005 20251027203001.0
008 0714s1973 ag 01
040 _aAR-BaBN
_bspa
_cAR-BaBN
_eaacr
_dRIC
082 _a982.6000 M52
100 _aMenéndez, Armando Braun
245 _aPequeña historia patagónica
250 _a1 ed.
260 _aBuenos Aires :
_bEditorial Francisco de Aguirre,
_c1936, 1971
300 _a219 p
650 _ahistoria Argentina
_924937
942 _cBK
999 _c25237
_d25237